Statistics for Continents of the World, as Taught to Colombian Schoolkids

Click here to take the quiz!

General Stats

  • This quiz has been taken 76 times
  • The average score is 4 of 5

Answer Stats

Continent% Correct
America
96%
Africa
93%
Australia
76%
Eurasia
69%
Antarctica
54%

Score Distribution

Percentile by Number Answered

Percent of People with Each Score

Your Score History

You have not taken this quiz